Arxius i cooperació : deu anys d'Arxivers sense Fronteres / coordinació: Carla Bofill, M. Carme Martínez deu anys d'Arxivers sense Fronteres / coordinació:
Descripción Física:
110 p. : fot. col. ; 22 cm
MARC
| LEADER | 00000nam a2200000Ia 4500 | ||
|---|---|---|---|
| 001 | 21409 | ||
| 003 | BGR | ||
| 005 | 20260324180033.0 | ||
| 008 | 160829s2008 xx 000 0 cat d | ||
| 080 | |a A-2-353 | ||
| 245 | |a Arxius i cooperació : |b deu anys d'Arxivers sense Fronteres / coordinació: |b Carla Bofill, M. Carme Martínez | ||
| 260 | |a Barcelona : |b AsF, Arxivers sense Fronteres, |c 2008 | ||
| 300 | |a 110 p. : |b fot. col. ; |c 22 cm | ||
| 650 | |a Arxivers |x Catalunya |x Associacions |9 44483 | ||
| 650 | |a Arxivers |x Catalunya |x Història |9 44484 | ||
| 650 | |a Arxius |x Cooperació internacional |x Congressos |9 44485 | ||
| 700 | 1 | |a Bofill, Carla |9 44486 | |
| 700 | |a Martínez, M. Carme, coord. |9 44487 | ||
| 710 | 2 | |a Arxivers sense Fronteres |9 70496 | |
| 901 | |a Arxiu | ||
| 942 | |n 1 |2 udc |c MON | ||
| 952 | |0 0 |1 0 |4 0 |6 A2353 |7 1 |9 51964 |a Arxiu |b Arxiu |d 2016-12-01 |l 0 |o A-2-353 |p 21409 |r 2016-12-01 00:00:00 |w 2016-12-01 |y ARXIU | ||
| 999 | |c 55811 |d 55811 | ||